[Event "BCF-ch PM U1450 op"]
[Site "Hull"]
[Date "2024.07.30"]
[Round "2"]
[White "Ewart, Samuel"]
[Black "Tan, Austin"]
[Result "1-0"]
[WhiteElo "1288"]
[BlackElo "871"]
[PlyCount "68"]
[EventDate "2024.07.29"]
[EventType "swiss"]
[EventRounds "6"]
[EventCountry "ENG"]
[SourceTitle "CB32_2024"]
[SourceDate "2024.08.08"]
[SourceVersion "1"]
[SourceVersionDate "2024.08.08"]
[SourceQuality "1"]

1. d4 d5 2. c4 e6 3. Nc3 Bb4 4. Bf4 Bxc3+ 5. bxc3 dxc4 6. e3 b5 7. a4 c6 8. Nf3 f5 9. Qc2 Ne7 10. Be2 0-0 11. 0-0 Nd5 12. Bg3 Ne7 13. Bh4 Nd7 14. e4 Ba6 15. Rfd1 bxa4 16. Rxa4 Bb5 17. Ra3 Ng6 18. Bg3 Qe7 19. Raa1 Rfd8 20. h4 e5 21. dxe5 fxe4 22. h5 Nf4 23. Bh4 Nf6 24. Rxd8+ Rxd8 25. h6 Nxe2+ 26. Qxe2 g6 27. Bxf6 Qxf6 28. Rxa7 Re8 29. Qe3 Re7 30. Rxe7 Qxe7 31. Qd2 Kf7 32. Qe3 Qf6 33. Qa7+ Qe7 34. Qxe7+ Kxe7 1-0

[Event "BCF-ch U10 rapid"]
[Site "Hull"]
[Date "2024.07.27"]
[Round "9"]
[White "Tan, Austin"]
[Black "Terry, George"]
[Result "1/2-1/2"]
[WhiteElo "871"]
[BlackElo "764"]
[PlyCount "57"]
[EventDate "2024.07.26"]
[EventType "swiss (rapid)"]
[EventRounds "9"]
[EventCountry "ENG"]
[SourceTitle "CB31_2024"]
[SourceDate "2024.07.31"]
[SourceVersion "1"]
[SourceVersionDate "2024.07.31"]
[SourceQuality "1"]

1. d4 d5 2. Nf3 Nc6 3. Nc3 Nf6 4. Bf4 e6 5. e3 Bd6 6. Bxd6 cxd6 7. Bb5 Bd7 8. Bxc6 Bxc6 9. 0-0 0-0 10. Qd2 Re8 11. a3 e5 12. dxe5 dxe5 13. Rfe1 e4 14. Nd4 Qd6 15. Nxc6 bxc6 16. Re2 Ng4 17. g3 h5 18. Ree1 h4 19. Rf1 hxg3 20. fxg3 Qh6 21. Na4 Nxe3 22. Rf4 Nc4 23. Qc3 Ne5 24. Rf2 Ng4 25. Re2 Rad8 26. Qd2 Qxd2 27. Rxd2 e3 28. Re2 d4 29. Rd1 1/2-1/2

[Event "BCF-ch U10 blitz"]
[Site "Hull"]
[Date "2024.07.25"]
[Round "4"]
[White "Copland, George"]
[Black "Tan, Austin"]
[Result "0-1"]
[WhiteElo "590"]
[BlackElo "1456"]
[PlyCount "36"]
[EventDate "2024.07.25"]
[EventType "swiss (blitz)"]
[EventRounds "9"]
[EventCountry "ENG"]
[SourceTitle "CB31_2024"]
[SourceDate "2024.07.31"]
[SourceVersion "1"]
[SourceVersionDate "2024.07.31"]
[SourceQuality "1"]

1. e4 e5 2. Nf3 Nc6 3. Bc4 Nf6 4. Nc3 Bc5 5. 0-0 0-0 6. d3 d6 7. Bg5 Bg4 8. h3 Bxf3 9. Qxf3 Nd4 10. Qg3 Nxc2 11. Rae1 Nd4 12. Bxf6 Qxf6 13. Nd5 Qe6 14. Nxc7 Qg6 15. Qxg6 Kh8 16. Nxa8 Ne2+ 17. Kh1 Nc1 18. Rxc1 Bxf2 0-1

[Event "BCF-ch U10 blitz"]
[Site "Hull"]
[Date "2024.07.25"]
[Round "6"]
[White "Sriram, Gautam"]
[Black "Tan, Austin"]
[Result "1-0"]
[WhiteElo "1572"]
[BlackElo "1456"]
[PlyCount "81"]
[EventDate "2024.07.25"]
[EventType "swiss (blitz)"]
[EventRounds "9"]
[EventCountry "ENG"]
[SourceTitle "CB31_2024"]
[SourceDate "2024.07.31"]
[SourceVersion "1"]
[SourceVersionDate "2024.07.31"]
[SourceQuality "1"]

1. e4 e5 2. Nf3 Nc6 3. Nc3 Nf6 4. g3 Bc5 5. Bg2 0-0 6. 0-0 d6 7. d3 Be6 8. Be3 Nd4 9. Bxd4 Bxd4 10. Nxd4 exd4 11. Ne2 c5 12. Qd2 Qc7 13. f4 g6 14. f5 gxf5 15. Qg5+ Kh8 16. Qxf6+ Kg8 17. exf5 Rfe8 18. fxe6 Kf8 19. Qxf7+ Qxf7 20. Rxf7+ Kg8 21. Rxb7 Rxe6 22. Bd5 Rae8 23. Nf4 Kh8 24. Nxe6 Ra8 25. Rxh7+ Kxh7 26. Bxa8 Kg6 27. Rf1 a6 28. Nxc5 dxc5 29. c3 dxc3 30. bxc3 a5 31. Be4+ Kg5 32. d4 cxd4 33. cxd4 a4 34. d5 a3 35. Bg6 Kg4 36. Rf4+ Kg5 37. h4+ Kxg6 38. d6 Kh5 39. d7 Kg6 40. d8Q Kh5 41. Qg5# 1-0